Statistics for Cities by public rail transit stations

Click here to take the quiz!

General Stats

  • This quiz has been taken 52 times
    (41 since last reset)
  • The average score is 14 of 20

Answer Stats

Hint Answer % Correct
Gare d'Austerlitz, Franklin D. Roosevelt, BastilleParis
97%
Asakusa, Ginza, ShibuyaTokyo
92%
Tarragona, El Putxet, Sagrada FamiliaBarcelona
87%
Jamaica, Morelos, ChapultepecMexico City
85%
Ca Depot, Oksu, SamsongSeoul
82%
Petrogradkaya, Dostoyevskaya, Obvodny KanalSt. Petersburg
79%
Kastrup, Christianshavn, FlintholmCopenhagen
79%
Belgrano, Uruguay, 9 de JulioBuenos Aires
77%
Nam Cheong, Lok Fu, AdmiraltyHong Kong
74%
Fullerton, Lake, LibraryChicago
69%
Peel, Mont-Royal, Villa-MariaMontreal
62%
Redfern, Hornsby, Circular QuaySydney
62%
Tatuape, Gualanazes, PinheirosSao Paulo
59%
Baixa-Chiado, Alameda, PicoasLisbon
59%
Kashmere Gate, Central Secretariat, Jor BaghNew Delhi
56%
Les Jasmins, Ibn Khaldoun, Carthage HannibalTunis
54%
Tiburtina, Piramide, Valle AureliaRome
54%
Schlump, Altona, ReeperbahnHamburg
54%
Astoria, Opera, Ferenciek tereBudapest
54%
Pankrac, Cerny Most, HradcanskaPrague
49%

Score Distribution

Percentile by Number Answered

Percent of People with Each Score

Your Score History

You have not taken this quiz since the last reset